| 000 | 00924nam a22002537a 4500 | ||
|---|---|---|---|
| 003 | OSt | ||
| 005 | 20260317124505.0 | ||
| 007 | a | ||
| 008 | 260317b |||||||| |||| 00| 0 eng d | ||
| 020 | _a9783905770018 | ||
| 040 |
_aFoundation University _beng _cFoundation University _dFULib _erda |
||
| 050 |
_aNX 620 _b.2007 K86 |
||
| 245 | 0 | 0 |
_aKunst und Öffentlichkeit – kritische praxis der Kunst im Stadtraum Zürich / _cedited by Christoph Schenker and Michael Hiltbrunner. |
| 260 |
_aZürich : _bJRP/Ringier, _c2007. |
||
| 264 | _42007. | ||
| 300 |
_3resource _a454 pages : _billustrations (chiefly color) ; _c24 cm. _fvolume |
||
| 336 |
_2rdacontent _atext _btxt |
||
| 337 |
_2rdamedia _aunmediated _bn |
||
| 338 |
_2rdacarrier _3resource _avolume _bnc |
||
| 546 | _aGerman | ||
| 700 |
_aSchenker, Christoph _915348 |
||
| 700 |
_aHiltbrunner, Michael _915349 |
||
| 942 |
_2lcc _cBK _hNX 620 _i.2007 K86 _k(DAFA-FA) _n0 |
||
| 999 |
_c5688 _d5688 |
||